000 00996cab a22001935a 4500
001 L148401
008 090914e20090904xxkbo f 000 0 eng d
035 _a(Sirsi) u148401
041 0 _aeng
100 1 _aShepherd, Mark
245 0 0 _aSpecial report
_bparking
260 _v2009
490 0 _aProperty Week
_v75(36) 4 September 2009, 63-67(4)
520 _aLocal authorities are starting to act against landlords of stalled development schemes who are using the sites as temporary car parks. The British Parking Association has called on government to regulate the activities of wheel clamping companies and the growth of temporary car parks. The Birmingham Parking Association will open by the end of 2009 the UK's largest automated car park at the Cube in Birmingham. Nottingham City Council's proposed workplace parking levy has roused serious opposition.
590 _aKA
651 4 _aEngland
_y886-
690 _aPROPERTY-COMMERCIAL PROPERTY-COMMERCIAL PROPERTY MARKET
942 _n0
999 _c81824
_d81824